What became of the likely lads - Lyrics - Statistics

General Stats
  • This quiz has been taken 11 times
  • The average score is 192 of 313
Answer Stats
Answer % Correct
What
100%
A
91%
Became
91%
Do
91%
I
91%
Of
91%
The
91%
We
91%
You
91%
Me
82%
Oh
82%
To
82%
If
73%
In
73%
Know
73%
As
64%
Don't
64%
Had
64%
Lad
64%
Lads
64%
Likely
64%
See
64%
Want
64%
When
64%
With
64%
And
55%
But
55%
Dreams
55%
It's
55%
Make
55%
Please
55%
Then
55%
They
55%
Tried
55%
Call
45%
Em
45%
Forever
45%
Get
45%
Important
45%
My
45%
Never
45%
Song
45%
That's
45%
Them
45%
Wrong
45%
All
36%
Blood
36%
Exactly
36%
Forgive
36%
Runs
36%
Thick
36%
Thicker
36%
Thieves
36%
Wanna
36%
We'll
36%
Well
36%
We're
36%
Left
27%
Touch
27%
How
18%
New
18%
You'd
18%
Back
9%
Cause
9%
Forgiven
9%
Have
9%
Long
9%
Needed
9%
Pipe
9%
Rights
9%
Songs
9%
Summer
9%
Though
9%
Welcome
9%
Wrongs
9%
Bought
0%
Filled
0%
Ones
0%
Sad
0%
Sold
0%
Thaught
0%
Wrote
0%
No matching quizzes found
Score Distribution
Percent of People with Each Score
Percentile by Number Answered
Your Score History
You have not taken this quiz